[Event "GER T273-C31-S email"]
[Site "GER email"]
[Date "2018.03.15"]
[Round "?"]
[White "Frotscher, Thomas"]
[Black "Schoesser, Manfred"]
[Result "1-0"]
[WhiteElo "2053"]
[BlackElo "1838"]
[PlyCount "61"]
[EventDate "2018.03.26"]
[EventType "tourn (corr)"]
[EventRounds "8"]
[EventCountry "GER"]
[SourceTitle "Corr 2022"]
[Source "ChessBase"]
[SourceDate "2021.10.24"]
[SourceVersion "1"]
[SourceVersionDate "2021.10.24"]
[SourceQuality "1"]

1. e4 e5 2. f4 d5 3. exd5 e4 4. d3 Nf6 5. dxe4 Nxe4 6. Nf3 Bc5 7. Qe2 Qe7 8. Be3 Na6 9. Bxc5 Naxc5 10. Nbd2 Bf5 11. 0-0-0 0-0-0 12. Nd4 Qf6 13. Nxf5 Qxf5 14. Nxe4 Qxe4 15. Qxe4 Nxe4 16. Rg1 h5 17. Be2 Nf2 18. Rd2 Ne4 19. Rd4 Nd6 20. c4 g6 21. Rdd1 Rhe8 22. Bd3 Ne4 23. Rde1 Nf6 24. h4 Rxe1+ 25. Rxe1 b5 26. b3 bxc4 27. bxc4 c6 28. Re7 Rd7 29. Rxd7 Kxd7 30. dxc6+ Kxc6 31. Kd2 1-0

[Event "GER T269-C86-S email"]
[Site "GER email"]
[Date "2017.09.24"]
[Round "?"]
[White "Schoesser, Manfred"]
[Black "Zielinski, Sergej"]
[Result "1/2-1/2"]
[WhiteElo "1838"]
[BlackElo "1990"]
[PlyCount "41"]
[EventDate "2017.09.28"]
[EventType "tourn (corr)"]
[EventRounds "8"]
[EventCountry "GER"]
[SourceTitle "Corr 2022"]
[Source "ChessBase"]
[SourceDate "2021.10.24"]
[SourceVersion "1"]
[SourceVersionDate "2021.10.24"]
[SourceQuality "1"]

1. e4 e5 2. Nf3 Nc6 3. Bb5 a6 4. Ba4 Nf6 5. 0-0 Be7 6. Qe2 b5 7. Bb3 0-0 8. a4 b4 9. a5 d6 10. Re1 Bg4 11. c3 Rb8 12. Bc4 d5 13. exd5 e4 14. dxc6 Bd6 15. Qd1 Qc8 16. d4 Bxf3 17. Be2 Ng4 18. gxf3 Bxh2+ 19. Kg2 Nxf2 20. Kxf2 Qh3 21. Rg1 1/2-1/2

[Event "GER T251-E10-S email"]
[Site "GER email"]
[Date "2017.03.13"]
[Round "?"]
[White "Fritsche, Frank"]
[Black "Schoesser, Manfred"]
[Result "1-0"]
[WhiteElo "2137"]
[BlackElo "1838"]
[PlyCount "43"]
[EventDate "2017.03.20"]
[EventType "tourn (corr)"]
[EventRounds "8"]
[EventCountry "GER"]
[SourceTitle "Corr 2020"]
[Source "ChessBase"]
[SourceDate "2019.09.30"]
[SourceVersion "1"]
[SourceVersionDate "2019.09.30"]
[SourceQuality "1"]

1. d4 Nf6 2. c4 e6 3. Nf3 c5 4. d5 b5 5. dxe6 fxe6 6. cxb5 d5 7. Nc3 a6 8. e4 Be7 9. exd5 exd5 10. Bg5 d4 11. Bxf6 Bxf6 12. Ne4 0-0 13. Bc4+ Kh8 14. 0-0 axb5 15. Bxb5 Bg4 16. h3 Bh5 17. Qd3 Nd7 18. Bxd7 Qxd7 19. Nxc5 Qd5 20. Ne4 Rad8 21. a3 Bg6 22. Rfe1 1-0

[Event "GER T251-E10-S email"]
[Site "GER email"]
[Date "2017.03.13"]
[Round "?"]
[White "Krammel, Josef"]
[Black "Schoesser, Manfred"]
[Result "1/2-1/2"]
[WhiteElo "1638"]
[BlackElo "1838"]
[PlyCount "46"]
[EventDate "2017.03.20"]
[EventType "tourn (corr)"]
[EventRounds "8"]
[EventCountry "GER"]
[SourceTitle "Corr 2020"]
[Source "ChessBase"]
[SourceDate "2019.09.30"]
[SourceVersion "1"]
[SourceVersionDate "2019.09.30"]
[SourceQuality "1"]

1. d4 Nf6 2. c4 e6 3. Nf3 c5 4. d5 b5 5. Bg5 exd5 6. cxd5 h6 7. Bxf6 Qxf6 8. Qc2 c4 9. Nc3 Bb4 10. a4 bxa4 11. Rxa4 a5 12. e4 0-0 13. e5 Qf4 14. Be2 d6 15. g3 Qf5 16. Qxf5 Bxf5 17. exd6 Bh3 18. Nd2 Nd7 19. Nxc4 Rfe8 20. Ne3 Nc5 21. Ra2 Ne4 22. Bd3 Nxc3 23. bxc3 Bxc3+ 1/2-1/2

[Event "GER T251-E10-S email"]
[Site "GER email"]
[Date "2017.03.13"]
[Round "?"]
[White "Mehlhorn, Uwe"]
[Black "Schoesser, Manfred"]
[Result "1-0"]
[WhiteElo "2160"]
[BlackElo "1838"]
[PlyCount "75"]
[EventDate "2017.03.20"]
[EventType "tourn (corr)"]
[EventRounds "8"]
[EventCountry "GER"]
[SourceTitle "Corr 2020"]
[Source "ChessBase"]
[SourceDate "2019.09.30"]
[SourceVersion "1"]
[SourceVersionDate "2019.09.30"]
[SourceQuality "1"]

1. d4 Nf6 2. c4 e6 3. Nf3 c5 4. d5 b5 5. dxe6 fxe6 6. cxb5 a6 7. e3 d5 8. b3 Bd6 9. Bb2 0-0 10. Nbd2 Qe7 11. Be2 Bb7 12. 0-0 axb5 13. Bxb5 Nc6 14. Bxc6 Bxc6 15. Be5 Bb5 16. Re1 Nd7 17. Bxd6 Qxd6 18. Qc2 e5 19. a4 Ba6 20. e4 d4 21. Rec1 Qe7 22. Ne1 Qh4 23. f3 Rf6 24. Nd3 Qg5 25. Re1 Bxd3 26. Qxd3 Nf8 27. Kh1 Ne6 28. Re2 Nf4 29. Qc4+ Kh8 30. Rf2 Rh6 31. Ra2 Qh5 32. g3 Nh3 33. Rf1 Nf4 34. Nb1 Ne6 35. Rg2 Qf7 36. Nd2 Qc7 37. Qd3 Rf6 38. Nc4 1-0

[Event "GER T251-E10-S email"]
[Site "GER email"]
[Date "2017.03.13"]
[Round "?"]
[White "Schoesser, Manfred"]
[Black "Fritsche, Frank"]
[Result "1/2-1/2"]
[WhiteElo "1838"]
[BlackElo "2137"]
[PlyCount "55"]
[EventDate "2017.03.20"]
[EventType "tourn (corr)"]
[EventRounds "8"]
[EventCountry "GER"]
[SourceTitle "Corr 2020"]
[Source "ChessBase"]
[SourceDate "2019.09.30"]
[SourceVersion "1"]
[SourceVersionDate "2019.09.30"]
[SourceQuality "1"]

1. d4 Nf6 2. c4 e6 3. Nf3 c5 4. d5 b5 5. e4 Nxe4 6. Bd3 Nf6 7. Nc3 bxc4 8. Bxc4 Ba6 9. Bxa6 Nxa6 10. 0-0 Nc7 11. Bg5 d6 12. Bxf6 gxf6 13. b4 cxb4 14. Qa4+ Qd7 15. Qxb4 Bg7 16. Rfd1 0-0 17. dxe6 fxe6 18. Rxd6 Qe7 19. Rad1 Rad8 20. a3 Rxd6 21. Qxd6 Qxd6 22. Rxd6 Rb8 23. h3 Bf8 24. Rd7 Nd5 25. Nxd5 Rb1+ 26. Kh2 exd5 27. a4 Bc5 28. Kg3 1/2-1/2

[Event "GER T251-E10-S email"]
[Site "GER email"]
[Date "2017.03.13"]
[Round "?"]
[White "Schoesser, Manfred"]
[Black "Fuchs, Joerg"]
[Result "1/2-1/2"]
[WhiteElo "1838"]
[BlackElo "2069"]
[PlyCount "35"]
[EventDate "2017.03.20"]
[EventType "tourn (corr)"]
[EventRounds "8"]
[EventCountry "GER"]
[SourceTitle "Corr 2020"]
[Source "ChessBase"]
[SourceDate "2019.09.30"]
[SourceVersion "1"]
[SourceVersionDate "2019.09.30"]
[SourceQuality "1"]

1. d4 Nf6 2. c4 e6 3. Nf3 c5 4. d5 b5 5. e4 Nxe4 6. Bd3 Nf6 7. Nc3 bxc4 8. Bxc4 Ba6 9. b3 exd5 10. Nxd5 Bxc4 11. bxc4 Be7 12. 0-0 Nxd5 13. Qxd5 Nc6 14. Bg5 Bxg5 15. Nxg5 0-0 16. Rad1 Rc8 17. Qxc5 Na5 18. Qf5 1/2-1/2

[Event "GER T251-E10-S email"]
[Site "GER email"]
[Date "2017.03.13"]
[Round "?"]
[White "Schoesser, Manfred"]
[Black "Krammel, Josef"]
[Result "1-0"]
[WhiteElo "1838"]
[BlackElo "1638"]
[PlyCount "49"]
[EventDate "2017.03.20"]
[EventType "tourn (corr)"]
[EventRounds "8"]
[EventCountry "GER"]
[SourceTitle "Corr 2020"]
[Source "ChessBase"]
[SourceDate "2019.09.30"]
[SourceVersion "1"]
[SourceVersionDate "2019.09.30"]
[SourceQuality "1"]

1. d4 Nf6 2. c4 e6 3. Nf3 c5 4. d5 b5 5. e4 Nxe4 6. Bd3 Nd6 7. cxb5 c4 8. Be2 a6 9. b6 Qxb6 10. 0-0 Bb7 11. Nc3 Be7 12. Ne5 0-0 13. Nxc4 Nxc4 14. Bxc4 a5 15. b3 Na6 16. Be3 Qd6 17. Qh5 Nb4 18. Rfd1 g6 19. Qh6 exd5 20. Ne4 Qc6 21. Bb5 Qxb5 22. Bd4 f6 23. Ng5 Rf7 24. Nxf7 Bf8 25. Qf4 1-0

[Event "GER T241-E11-S email"]
[Site "GER email"]
[Date "2016.08.14"]
[Round "?"]
[White "Ott, Peter"]
[Black "Schoesser, Manfred"]
[Result "1/2-1/2"]
[WhiteElo "1903"]
[BlackElo "1838"]
[PlyCount "36"]
[EventDate "2016.08.22"]
[EventType "tourn (corr)"]
[EventRounds "8"]
[EventCountry "GER"]
[SourceTitle "Corr 2022"]
[Source "ChessBase"]
[SourceDate "2021.10.24"]
[SourceVersion "1"]
[SourceVersionDate "2021.10.24"]
[SourceQuality "1"]

1. d4 Nf6 2. c4 e6 3. Nf3 Bb4+ 4. Bd2 Qe7 5. a3 Bxd2+ 6. Nbxd2 d6 7. e3 0-0 8. Bd3 c5 9. 0-0 b6 10. Ne4 Bb7 11. Qc2 Nbd7 12. Rfd1 g6 13. Nxf6+ Nxf6 14. e4 e5 15. d5 Nh5 16. Re1 Bc8 17. Qc3 Kg7 18. Bf1 a5 1/2-1/2

[Event "GER T241-E11-S email"]
[Site "GER email"]
[Date "2016.08.14"]
[Round "?"]
[White "Schoesser, Manfred"]
[Black "Offenborn, Heinz"]
[Result "0-1"]
[WhiteElo "1838"]
[BlackElo "2112"]
[PlyCount "54"]
[EventDate "2016.08.22"]
[EventType "tourn (corr)"]
[EventRounds "8"]
[EventCountry "GER"]
[SourceTitle "Corr 2022"]
[Source "ChessBase"]
[SourceDate "2021.10.24"]
[SourceVersion "1"]
[SourceVersionDate "2021.10.24"]
[SourceQuality "1"]

1. d4 Nf6 2. c4 e6 3. Nf3 Bb4+ 4. Nbd2 b6 5. a3 Bxd2+ 6. Bxd2 Bb7 7. e3 0-0 8. Bd3 d6 9. Qc2 Re8 10. Bc3 Nbd7 11. 0-0 Bxf3 12. gxf3 c5 13. dxc5 Nxc5 14. Be2 e5 15. b4 Ne6 16. Rad1 Qe7 17. Kh1 Nf8 18. Rg1 Rad8 19. Qf5 Ng6 20. Bb2 a5 21. bxa5 bxa5 22. Bc3 Ra8 23. Bd3 Rac8 24. Ba1 Rc5 25. Be2 Qc7 26. Qd3 Rd8 27. Rb1 d5 0-1

[Event "GER T225-E81-S email"]
[Site "GER email"]
[Date "2015.12.13"]
[Round "?"]
[White "Bachmann, Bernd"]
[Black "Schoesser, Manfred"]
[Result "1-0"]
[WhiteElo "2030"]
[BlackElo "1851"]
[PlyCount "47"]
[EventDate "2015.12.18"]
[EventType "tourn (corr)"]
[EventRounds "8"]
[EventCountry "GER"]
[SourceTitle "Corr 2020"]
[Source "ChessBase"]
[SourceDate "2019.09.30"]
[SourceVersion "1"]
[SourceVersionDate "2019.09.30"]
[SourceQuality "1"]

1. d4 Nf6 2. c4 g6 3. Nc3 Bg7 4. e4 d6 5. Nf3 0-0 6. Be3 c5 7. d5 e6 8. Be2 exd5 9. cxd5 Re8 10. Nd2 b6 11. Bg5 Ba6 12. 0-0 Bxe2 13. Qxe2 a6 14. f4 Nbd7 15. a4 Qc7 16. Rae1 Nh5 17. Bh4 h6 18. Kh1 Bd4 19. Qf3 Ng7 20. g4 h5 21. gxh5 Nxh5 22. Nc4 Rab8 23. f5 Ne5 24. Nxe5 1-0

[Event "GER HS-193 email"]
[Site "GER email"]
[Date "2015.11.05"]
[Round "?"]
[White "Schoesser, Manfred"]
[Black "Friedrich, Gerhard"]
[Result "1/2-1/2"]
[WhiteElo "1851"]
[BlackElo "1885"]
[PlyCount "87"]
[EventDate "2015.11.11"]
[EventType "tourn (corr)"]
[EventRounds "6"]
[EventCountry "GER"]
[SourceTitle "Corr 2020"]
[Source "ChessBase"]
[SourceDate "2019.09.30"]
[SourceVersion "1"]
[SourceVersionDate "2019.09.30"]
[SourceQuality "1"]

1. e4 e5 2. Nf3 Nc6 3. Bb5 Nf6 4. 0-0 Be7 5. Re1 d6 6. c3 0-0 7. d4 Bd7 8. Ba4 a6 9. Nbd2 b5 10. Bb3 exd4 11. cxd4 Bg4 12. h3 Bh5 13. d5 Na5 14. Nf1 Nd7 15. Ng3 Nxb3 16. axb3 Bxf3 17. Qxf3 Bf6 18. Qd3 g6 19. Ne2 Re8 20. Qc2 Nc5 21. f3 a5 22. Be3 Qb8 23. Bd4 Bxd4+ 24. Nxd4 Qb6 25. Kh2 b4 26. Red1 Nd7 27. Rac1 Nc5 28. Nc6 Kg7 29. h4 h5 30. Rd4 Nd7 31. Qd2 Nc5 32. Qd1 Kh7 33. Rdc4 Rf8 34. Qc2 Nd7 35. Qd2 Rae8 36. Qg5 f6 37. Qd2 Rf7 38. Nd4 Nc5 39. Qc2 Rg7 40. Re1 Kh8 41. Ra1 Kh7 42. Nc6 Nb7 43. Re1 Nd8 44. Ra1 1/2-1/2

[Event "GER HS-193 email"]
[Site "GER email"]
[Date "2015.11.05"]
[Round "?"]
[White "Schoesser, Manfred"]
[Black "Strahlberger, Michael"]
[Result "1/2-1/2"]
[WhiteElo "1851"]
[BlackElo "1746"]
[PlyCount "63"]
[EventDate "2015.11.11"]
[EventType "tourn (corr)"]
[EventRounds "6"]
[EventCountry "GER"]
[SourceTitle "Corr 2020"]
[Source "ChessBase"]
[SourceDate "2019.09.30"]
[SourceVersion "1"]
[SourceVersionDate "2019.09.30"]
[SourceQuality "1"]

1. e4 e6 2. d4 d5 3. Nc3 Bb4 4. e5 c5 5. a3 Bxc3+ 6. bxc3 Ne7 7. Qg4 Qc7 8. Qxg7 Rg8 9. Qxh7 cxd4 10. Qd3 Qxe5+ 11. Ne2 dxc3 12. Qxc3 Nbc6 13. Qxe5 Nxe5 14. Ng3 b6 15. Bb2 Nc4 16. Bc3 Bb7 17. Nh5 Rg6 18. h4 Kf8 19. Nf6 e5 20. Nd7+ Ke8 21. Bxc4 Kxd7 22. Bd3 Re6 23. Bd2 Rh8 24. 0-0-0 a6 25. h5 d4 26. Rh2 f5 27. h6 b5 28. c3 e4 29. Bb1 d3 30. h7 f4 31. Bxf4 Nd5 32. Bd2 1/2-1/2

[Event "GER T229-C30-S email"]
[Site "GER email"]
[Date "2015.11.02"]
[Round "?"]
[White "Schoesser, Manfred"]
[Black "Hoffmeyer, Falk"]
[Result "1/2-1/2"]
[WhiteElo "1851"]
[BlackElo "2041"]
[PlyCount "61"]
[EventDate "2015.11.09"]
[EventType "tourn (corr)"]
[EventRounds "8"]
[EventCountry "GER"]
[SourceTitle "Corr 2020"]
[Source "ChessBase"]
[SourceDate "2019.09.30"]
[SourceVersion "1"]
[SourceVersionDate "2019.09.30"]
[SourceQuality "1"]

1. e4 e5 2. f4 exf4 3. Nf3 g5 4. h4 g4 5. Ne5 d6 6. Nxg4 Be7 7. d4 Bxh4+ 8. Nf2 Bg3 9. Qf3 Qf6 10. Nc3 Qxd4 11. Nb5 Qc5 12. Bxf4 Bxf4 13. Qxf4 a6 14. Nc3 Be6 15. Nd5 Nd7 16. 0-0-0 0-0-0 17. Ng4 Kb8 18. Rh3 Bxg4 19. Qxg4 Ngf6 20. Qf5 Nxd5 21. exd5 Ne5 22. Rb3 Qa7 23. Be2 Rhg8 24. g3 Rg7 25. Kb1 Rdg8 26. Qf4 a5 27. c4 Nd7 28. Rc3 Re8 29. Bg4 Nc5 30. Bf5 Qb6 31. g4 1/2-1/2

[Event "GER T185-C57-S email"]
[Site "GER email"]
[Date "2014.01.29"]
[Round "?"]
[White "Fritsche, Frank"]
[Black "Schoesser, Manfred"]
[Result "1-0"]
[WhiteElo "2172"]
[BlackElo "1851"]
[PlyCount "41"]
[EventDate "2014.02.03"]
[EventType "tourn (corr)"]
[EventRounds "8"]
[EventCountry "GER"]
[SourceTitle "Corr 2015"]
[Source "ChessBase"]
[SourceDate "2015.07.17"]
[SourceVersion "1"]
[SourceVersionDate "2015.07.17"]
[SourceQuality "1"]

1. e4 e5 2. Nf3 Nc6 3. Bc4 Nf6 4. Ng5 Bc5 5. Bxf7+ Ke7 6. Bd5 Rf8 7. 0-0 d6 8. c3 Bg4 9. Nf3 Bxf3 10. gxf3 Qe8 11. d4 Bb6 12. Bxc6 Qxc6 13. Be3 Rae8 14. Nd2 exd4 15. cxd4 Kd8 16. a4 Ba5 17. Nb3 Qa6 18. Kh1 Kc8 19. Rg1 Rf7 20. Rg5 d5 21. Nc5 1-0

[Event "GER T185-C57-S email"]
[Site "GER email"]
[Date "2014.01.29"]
[Round "?"]
[White "Hoexter, Heinrich"]
[Black "Schoesser, Manfred"]
[Result "1-0"]
[WhiteElo "2067"]
[BlackElo "1851"]
[PlyCount "37"]
[EventDate "2014.02.03"]
[EventType "tourn (corr)"]
[EventRounds "8"]
[EventCountry "GER"]
[SourceTitle "Corr 2015"]
[Source "ChessBase"]
[SourceDate "2015.07.17"]
[SourceVersion "1"]
[SourceVersionDate "2015.07.17"]
[SourceQuality "1"]
[WhiteTeam "Germany"]
[WhiteTeamCountry "GER"]

1. e4 e5 2. Nf3 Nc6 3. Bc4 Nf6 4. Ng5 Bc5 5. Bxf7+ Ke7 6. Bb3 Rf8 7. d3 h6 8. Nf3 d6 9. Be3 Bxe3 10. fxe3 Qe8 11. 0-0 Bg4 12. h3 Bxf3 13. Rxf3 g5 14. Nc3 Kd7 15. Nd5 Nxd5 16. Rxf8 Qxf8 17. Qg4+ Ke7 18. exd5 Nd8 19. Rf1 1-0

[Event "GER T188-B12-S email"]
[Site "GER email"]
[Date "2014.01.29"]
[Round "?"]
[White "Hoexter, Heinrich"]
[Black "Schoesser, Manfred"]
[Result "1-0"]
[WhiteElo "2067"]
[BlackElo "1851"]
[PlyCount "35"]
[EventDate "2014.02.03"]
[EventType "tourn (corr)"]
[EventRounds "8"]
[EventCountry "GER"]
[SourceTitle "Corr 2015"]
[Source "ChessBase"]
[SourceDate "2015.07.17"]
[SourceVersion "1"]
[SourceVersionDate "2015.07.17"]
[SourceQuality "1"]
[WhiteTeam "Germany"]
[WhiteTeamCountry "GER"]

1. e4 c6 2. d4 d5 3. e5 Bf5 4. Be3 e6 5. Nd2 Nd7 6. Ngf3 Ne7 7. Be2 Qc7 8. 0-0 f6 9. c4 0-0-0 10. Rc1 Kb8 11. b4 fxe5 12. Qb3 e4 13. Ng5 Re8 14. b5 h6 15. Nf7 Rg8 16. c5 Ka8 17. Nd6 Rd8 18. Rb1 1-0

[Event "GER T185-C57-S email"]
[Site "GER email"]
[Date "2014.01.29"]
[Round "?"]
[White "Schoesser, Manfred"]
[Black "Fritsche, Frank"]
[Result "0-1"]
[WhiteElo "1851"]
[BlackElo "2172"]
[PlyCount "24"]
[EventDate "2014.02.03"]
[EventType "tourn (corr)"]
[EventRounds "8"]
[EventCountry "GER"]
[SourceTitle "Corr 2015"]
[Source "ChessBase"]
[SourceDate "2015.07.17"]
[SourceVersion "1"]
[SourceVersionDate "2015.07.17"]
[SourceQuality "1"]

1. e4 e5 2. Nf3 Nc6 3. Bc4 Nf6 4. Ng5 Bc5 5. Bxf7+ Ke7 6. Bb3 Rf8 7. 0-0 Qe8 8. Nc3 h6 9. Nf3 d6 10. d3 Bg4 11. h3 Bh5 12. Nd5+ Nxd5 0-1

[Event "GER T190–E10–P email"]
[Site "GER email"]
[Date "2014.??.??"]
[Round "?"]
[White "Schoesser, Manfred"]
[Black "Fritsche, Frank"]
[Result "0-1"]
[WhiteElo "1851"]
[BlackElo "2144"]
[PlyCount "38"]
[EventDate "2014.??.??"]
[EventType "tourn (corr)"]
[EventRounds "6"]
[EventCountry "GER"]
[SourceTitle "Corr 2015"]
[Source "ChessBase"]
[SourceDate "2015.07.17"]
[SourceVersion "1"]
[SourceVersionDate "2015.07.17"]
[SourceQuality "1"]

1. d4 Nf6 2. c4 e6 3. Nf3 c5 4. d5 b5 5. Bg5 exd5 6. cxd5 d6 7. e4 a6 8. a4 Be7 9. Bd3 Nxd5 10. Bxe7 Qxe7 11. axb5 0-0 12. 0-0 Nb4 13. Nc3 Bb7 14. Re1 Nxd3 15. Qxd3 axb5 16. Rad1 Nc6 17. Qxd6 Qxd6 18. Rxd6 b4 19. Nb5 Ra5 0-1